[Event "Int. Championship of Central Serbia - O"]
[Site "Paracin"]
[Date "2011.07.12"]
[Round "6.1"]
[White "Ulibin, Mikhail"]
[Black "Abramovic, Bosko"]
[Result "1/2-1/2"]
[WhiteElo "2538"]
[BlackElo "2464"]
[PlyCount "41"]
[EventDate "2011.??.??"]

1. d4 d5 2. c4 e6 3. Nf3 Nf6 4. g3 Nbd7 5. Bg2 c6 6. O-O dxc4 7. Nc3 Be7 8. e4
O-O 9. Bf4 Nh5 10. Be3 Nhf6 11. Bf4 Nh5 12. Be3 Nhf6 13. h3 b5 14. d5 cxd5 15.
exd5 exd5 16. Nd4 Bb7 17. Ncxb5 a6 18. Nc3 g6 19. Nde2 Ne5 20. Nf4 Qd6 21. Bd4
1/2-1/2

[Event "Int. Championship of Central Serbia - O"]
[Site "Paracin"]
[Date "2011.07.12"]
[Round "6.2"]
[White "Saric, Sinisa"]
[Black "Savic, Miodrag R"]
[Result "1/2-1/2"]
[WhiteElo "2472"]
[BlackElo "2520"]
[PlyCount "42"]
[EventDate "2011.??.??"]

1. d4 Nf6 2. Nf3 e6 3. g3 b6 4. Bg2 Bb7 5. O-O Be7 6. Nbd2 O-O 7. b3 c5 8. Bb2
cxd4 9. Nxd4 Bxg2 10. Kxg2 Nc6 11. Nxc6 dxc6 12. Nf3 Qc7 13. c4 c5 14. Qc2 Qb7
15. Rad1 Rfd8 16. Rxd8+ Rxd8 17. Rd1 Rxd1 18. Qxd1 h6 19. h3 Nd7 20. Qd3 Bf6
21. Bxf6 Nxf6 1/2-1/2

[Event "Int. Championship of Central Serbia - O"]
[Site "Paracin"]
[Date "2011.07.12"]
[Round "6.3"]
[White "Bogosavljevic, Boban"]
[Black "Radlovacki, Jovan"]
[Result "1-0"]
[WhiteElo "2548"]
[BlackElo "2417"]
[PlyCount "43"]
[EventDate "2011.??.??"]

1. Nf3 Nf6 2. c4 e6 3. g3 b6 4. Bg2 Bb7 5. O-O c5 6. Nc3 Be7 7. Re1 O-O 8. e4
d6 9. d4 cxd4 10. Nxd4 Qc8 11. Be3 Nbd7 12. f4 a6 13. Rc1 Re8 14. Bf2 h6 15. h3
Qc7 16. g4 e5 17. Nd5 Nxd5 18. cxd5 Nc5 19. Nf5 Qd7 20. b4 Na4 21. fxe5 dxe5
22. Nxe7+ 1-0

[Event "Int. Championship of Central Serbia - O"]
[Site "Paracin"]
[Date "2011.07.12"]
[Round "6.4"]
[White "Lajthajm, Borko"]
[Black "Smith, Bryan G"]
[Result "1-0"]
[WhiteElo "2481"]
[BlackElo "2503"]
[PlyCount "67"]
[EventDate "2011.??.??"]

1. d4 Nf6 2. c4 e6 3. Nf3 Bb4+ 4. Bd2 a5 5. g3 d6 6. Bg2 Nbd7 7. O-O e5 8. Nc3
exd4 9. Nxd4 O-O 10. a3 Bc5 11. Nb3 a4 12. Nxc5 Nxc5 13. Qc2 Be6 14. Nd5 Nfd7
15. Rad1 c6 16. Nf4 Qe7 17. Bb4 Ne5 18. Nxe6 Qxe6 19. Rd4 Rfd8 20. Rfd1 Nb3 21.
Rxd6 Rxd6 22. Rxd6 Qxc4 23. Bc3 Qc5 24. Qd1 f6 25. Bh3 h5 26. Be6+ Kh7 27. Bf5+
Kg8 28. Be6+ Kh7 29. Bb4 Qb5 30. Bf5+ g6 31. Rxf6 gxf5 32. Qd6 Re8 33. Rh6+ Kg8
34. Qf6 1-0

[Event "Int. Championship of Central Serbia - O"]
[Site "Paracin"]
[Date "2011.07.12"]
[Round "6.5"]
[White "Damljanovic, Branko"]
[Black "Doric, Darko"]
[Result "1-0"]
[WhiteElo "2611"]
[BlackElo "2491"]
[PlyCount "47"]
[EventDate "2011.??.??"]

1. c4 c5 2. Nf3 Nc6 3. Nc3 e5 4. e3 Nf6 5. a3 Be7 6. Qc2 h6 7. b3 O-O 8. Bb2 d6
9. Be2 Be6 10. O-O Rc8 11. Rfd1 d5 12. cxd5 Nxd5 13. Bc4 Nc7 14. Ne2 Bd6 15. d4
cxd4 16. exd4 exd4 17. Nexd4 Nxd4 18. Nxd4 Qe7 19. Nf5 Bxf5 20. Qxf5 Rce8 21.
g3 Ne6 22. h4 g6 23. Qf3 Ng7 24. Rxd6 1-0

[Event "Int. Championship of Central Serbia - O"]
[Site "Paracin"]
[Date "2011.07.12"]
[Round "6.6"]
[White "Blagojevic, Dragisa"]
[Black "Indjic, Aleksandar"]
[Result "1-0"]
[WhiteElo "2516"]
[BlackElo "2373"]
[PlyCount "101"]
[EventDate "2011.??.??"]

1. d4 Nf6 2. c4 c5 3. d5 e6 4. Nc3 exd5 5. cxd5 d6 6. e4 g6 7. h3 Bg7 8. Nf3
O-O 9. Bd3 Re8 10. O-O a6 11. a4 Nbd7 12. Re1 Qe7 13. Bf4 Nh5 14. Bh2 Ne5 15.
Be2 Nxf3+ 16. Bxf3 Nf6 17. e5 dxe5 18. Rxe5 Qd8 19. d6 Nd7 20. Rxe8+ Qxe8 21.
Nd5 Rb8 22. Qe1 Qf8 23. Ra3 Bd4 24. Ra2 b6 25. Ne7+ Kg7 26. Nc6 Bb7 27. Nxd4
cxd4 28. Bxb7 Rxb7 29. Qe4 Rb8 30. Qxd4+ f6 31. Ra1 Qf7 32. b4 Rc8 33. Re1 Re8
34. Rxe8 Qxe8 35. Bf4 Qe6 36. Kh2 Qb3 37. Qe4 g5 38. Qc6 Qe6 39. Be3 b5 40.
axb5 axb5 41. g3 Ne5 42. Qb7+ Kg6 43. Bc5 g4 44. hxg4 Qxg4 45. Kg2 h5 46. Qd5
Qd7 47. Bd4 Nf7 48. Bc5 Ne5 49. f3 Qf5 50. Qg8+ Kh6 51. Be3+ 1-0

[Event "Int. Championship of Central Serbia - O"]
[Site "Paracin"]
[Date "2011.07.12"]
[Round "6.7"]
[White "Ardeleanu, Alin"]
[Black "Djukic, Nikola"]
[Result "1/2-1/2"]
[WhiteElo "2394"]
[BlackElo "2508"]
[PlyCount "120"]
[EventDate "2011.??.??"]

1. e4 c5 2. Nf3 Nc6 3. Bb5 g6 4. O-O Bg7 5. c3 Nf6 6. e5 Nd5 7. d4 cxd4 8. cxd4
O-O 9. Nc3 Nc7 10. Ba4 d6 11. Bxc6 bxc6 12. h3 Ne6 13. Be3 Bb7 14. Re1 h6 15.
Rc1 a5 16. Na4 Rb8 17. b3 Ba8 18. Rc4 Kh7 19. Rc1 Rb4 20. Bd2 Nxd4 21. Bxb4
Nxf3+ 22. Qxf3 axb4 23. Rcd1 Qb8 24. exd6 exd6 25. Re7 Kg8 26. Qf4 Be5 27. Rxe5
dxe5 28. Qxh6 c5 29. Nxc5 Bc6 30. Nd7 Bxd7 31. Rxd7 Rd8 32. Qd2 Rxd7 33. Qxd7
Qf8 34. Qd5 Qe7 35. g3 Qc7 36. a4 bxa3 37. Qa8+ Kg7 38. Qxa3 Qc3 39. Qa4 e4 40.
Qc4 Qd2 41. b4 e3 42. fxe3 Qxe3+ 43. Kg2 Qd2+ 44. Kf3 Qd1+ 45. Ke4 Qe1+ 46. Kd5
Qxg3 47. b5 Qg5+ 48. Kc6 Qf6+ 49. Kd7 Qf5+ 50. Kc7 Qe5+ 51. Kb7 Qe7+ 52. Qc7
Qe4+ 53. Qc6 Qe7+ 54. Kc8 Qf8+ 55. Kd7 f5 56. b6 f4 57. b7 f3 58. Qc3+ Kh7 59.
b8=Q Qxb8 60. Qxf3 Qa7+ 1/2-1/2

[Event "Int. Championship of Central Serbia - O"]
[Site "Paracin"]
[Date "2011.07.12"]
[Round "6.8"]
[White "Miljkovic, Miroslav D"]
[Black "Djurovic, Goran"]
[Result "1/2-1/2"]
[WhiteElo "2495"]
[BlackElo "2328"]
[PlyCount "67"]
[EventDate "2011.??.??"]

1. d4 c5 2. d5 e5 3. e4 d6 4. Nc3 Be7 5. Nf3 Nf6 6. Be2 O-O 7. Nd2 Ne8 8. O-O
Nd7 9. a4 Rb8 10. Nc4 b6 11. Nb5 a6 12. Na7 Bb7 13. Ne3 Ra8 14. Nc6 Bxc6 15.
dxc6 Nb8 16. Bc4 Nxc6 17. c3 Bg5 18. Nf5 Bxc1 19. Rxc1 Ne7 20. Ne3 Nc7 21. Qf3
b5 22. Ba2 c4 23. b3 cxb3 24. Bxb3 bxa4 25. Bxa4 Ne6 26. Bb3 Nc5 27. Bc4 Qc7
28. Rfd1 Kh8 29. Rc2 Rad8 30. Ra2 Qb7 31. Nd5 Nxd5 32. Bxd5 Qc7 33. Rda1 Rb8
34. h3 1/2-1/2

[Event "Int. Championship of Central Serbia - OP"]
[Site "Paracin"]
[Date "2011.07.12"]
[Round "6.9"]
[White "Toth, Aleksandar"]
[Black "Petkov, Vladimir"]
[Result "1/2-1/2"]
[WhiteElo "2315"]
[BlackElo "2490"]
[PlyCount "101"]
[EventDate "2011.07.08"]

1. e4 c5 2. Nf3 d6 3. c3 Nf6 4. h3 Nc6 5. Bd3 e5 6. Bc2 Be7 7. d4 cxd4 8. cxd4
O-O 9. O-O exd4 10. Nxd4 d5 11. exd5 Qxd5 12. Be3 Nxd4 13. Qxd4 Rd8 14. Qh4 Qe5
15. Nc3 Bf5 16. Bxf5 Qxf5 17. Qf4 Qxf4 18. Bxf4 Bb4 19. Rac1 Bxc3 20. Rxc3 Nd5
21. Rc4 Nxf4 22. Rxf4 Rd2 23. Rb4 b6 24. a4 Rc8 25. a5 Rc6 26. axb6 axb6 27. b3
h5 28. Rc4 Rf6 29. h4 Rb2 30. Rb4 g6 31. Kh2 Rd6 32. Kg1 Kg7 33. Re1 Rf6 34.
Rf1 Re6 35. Kh2 Rbe2 36. f3 Rb2 37. Kg3 Kf6 38. Rf2 Rxf2 39. Kxf2 Ke7 40. Rd4
Rc6 41. Kg3 Rc5 42. Kf4 Rb5 43. b4 f6 44. g4 g5+ 45. Kg3 hxg4 46. fxg4 Re5 47.
hxg5 fxg5 48. Kf3 Ke6 49. Rd8 b5 50. Rd4 Rd5 51. Ke4 1/2-1/2

[Event "Int. Championship of Central Serbia - OP"]
[Site "Paracin"]
[Date "2011.07.12"]
[Round "6.10"]
[White "Nenezic, Marko"]
[Black "Nikolov, Sasho"]
[Result "1-0"]
[WhiteElo "2274"]
[BlackElo "2412"]
[PlyCount "61"]
[EventDate "2011.07.08"]

1. Nf3 d5 2. d4 c6 3. c4 dxc4 4. a4 Nf6 5. Nc3 g6 6. e4 Bg4 7. Be3 Bg7 8. Bxc4
O-O 9. O-O Nfd7 10. a5 e5 11. d5 b5 12. axb6 Nxb6 13. Bb3 cxd5 14. Nxd5 N8d7
15. h3 Be6 16. Ng5 Bxd5 17. exd5 Qb8 18. Ne6 Re8 19. Nxg7 Kxg7 20. d6 a5 21. f4
f6 22. fxe5 Nxe5 23. Rc1 Rd8 24. Rc7+ Nbd7 25. Qd5 a4 26. Ba2 Rf8 27. Bd4 Kh8
28. Rfc1 Qe8 29. Rb7 Rd8 30. Rcc7 Ng4 31. Qe6 1-0

[Event "Int. Championship of Central Serbia - OP"]
[Site "Paracin"]
[Date "2011.07.12"]
[Round "6.11"]
[White "Pancevski, Filip"]
[Black "Sertic, Rudolf"]
[Result "1/2-1/2"]
[WhiteElo "2410"]
[BlackElo "2406"]
[PlyCount "105"]
[EventDate "2011.07.08"]

1. e4 c5 2. Nf3 e6 3. d3 Nc6 4. g3 g6 5. Bg2 Bg7 6. O-O Nge7 7. c3 O-O 8. Be3
d6 9. Qd2 Re8 10. d4 b6 11. Rd1 Qc7 12. Na3 Ba6 13. b4 cxb4 14. cxb4 Bb7 15.
Rab1 Qd7 16. Bh6 Bh8 17. Nc2 Rac8 18. Ne3 Nb8 19. d5 exd5 20. exd5 Na6 21. Ng5
Nc7 22. Rbc1 Nb5 23. Rxc8 Rxc8 24. Bh3 f5 25. Bg2 Bf6 26. Ne6 Nc3 27. Re1 Ne4
28. Qd1 Nc3 29. Qb3 Qa4 30. Qxa4 Nxa4 31. Bf4 Nc3 32. Bxd6 Nexd5 33. Nc7 Nxe3
34. Bxb7 Rd8 35. Bf4 Nc2 36. Re6 Kf7 37. Ba6 b5 38. h4 Rd1+ 39. Kg2 Nxb4 40.
Bc8 Nbd5 41. Nxd5 Nxd5 42. Bg5 Bxg5 43. hxg5 Rc1 44. Re5 Nc7 45. g4 fxg4 46.
Bxg4 Rc2 47. Bd1 Rc3 48. f4 Kf8 49. Kf2 a5 50. Be2 Rc2 51. Kf3 Rb2 52. a4 bxa4
53. Rxa5 1/2-1/2

[Event "Int. Championship of Central Serbia - OP"]
[Site "Paracin"]
[Date "2011.07.12"]
[Round "6.12"]
[White "Pikula, Dejan"]
[Black "Stankovic, Milos"]
[Result "1/2-1/2"]
[WhiteElo "2532"]
[BlackElo "2364"]
[PlyCount "69"]
[EventDate "2011.07.08"]

1. e4 c5 2. Nf3 d6 3. d4 cxd4 4. Qxd4 Nc6 5. Bb5 Bd7 6. Bxc6 Bxc6 7. Nc3 e5 8.
Qd3 h6 9. b3 Nf6 10. Bb2 Be7 11. O-O-O Qa5 12. Kb1 b5 13. Nd2 O-O 14. Nd5 Bxd5
15. exd5 Rac8 16. c4 a6 17. f4 e4 18. Qd4 Ne8 19. Qxe4 Bf6 20. Qd3 Bxb2 21.
Kxb2 Nf6 22. a3 Rfe8 23. cxb5 axb5 24. b4 Qb6 25. Rc1 Qf2 26. Rxc8 Rxc8 27. Rc1
Rxc1 28. Kxc1 Qxg2 29. Qxb5 Qg1+ 30. Kc2 Qa1 31. Qc4 Qxa3 32. Qc8+ Kh7 33. Qf5+
Kh8 34. Qc8+ Kh7 35. Qf5+ 1/2-1/2

[Event "Int. Championship of Central Serbia - OP"]
[Site "Paracin"]
[Date "2011.07.12"]
[Round "6.13"]
[White "Popovic, Aleksandar M"]
[Black "Miladinovic, Igor"]
[Result "0-1"]
[WhiteElo "2321"]
[BlackElo "2566"]
[PlyCount "82"]
[EventDate "2011.07.08"]

1. Nf3 d5 2. g3 Nc6 3. Bg2 e5 4. d3 f6 5. Nbd2 Be6 6. c3 Qd7 7. b4 Bh3 8. Bxh3
Qxh3 9. Qa4 Nge7 10. Nb3 Nc8 11. Nc5 Bxc5 12. bxc5 N8e7 13. Rb1 Rb8 14. g4 e4
15. dxe4 Qxg4 16. Rg1 Qxe4 17. Rb4 d4 18. Rxg7 Kd8 19. Rb2 Nf5 20. Nxd4 Nfxd4
21. cxd4 Qh1+ 22. Kd2 Re8 23. Qc4 Qe4 24. Rb3 Na5 25. Qd3 Nxb3+ 26. axb3 Qf4+
27. Kd1 Qxf2 28. Bd2 Qh4 29. Ba5 Rc8 30. d5 Re7 31. Rxe7 Kxe7 32. d6+ Ke6 33.
Bxc7 Qxh2 34. Qe4+ Kf7 35. Qc4+ Kf8 36. Qd4 Kf7 37. Qd5+ Kg7 38. Qxb7 Qg1+ 39.
Kc2 Qxc5+ 40. Kd3 Qf5+ 41. Qe4 Qd7 0-1

[Event "Int. Championship of Central Serbia - OP"]
[Site "Paracin"]
[Date "2011.07.12"]
[Round "6.15"]
[White "Zlatanovic, Boroljub"]
[Black "Ravic, Nenad"]
[Result "1/2-1/2"]
[WhiteElo "2433"]
[BlackElo "2311"]
[PlyCount "136"]
[EventDate "2011.07.08"]

1. Nc3 c5 2. Nf3 d6 3. e4 a6 4. g3 Nc6 5. Bg2 e5 6. d3 g6 7. Nd2 Bg7 8. Nc4
Nge7 9. Ne3 O-O 10. O-O f5 11. Ned5 h6 12. exf5 Nxf5 13. a4 Kh7 14. Be3 Be6 15.
Qd2 Rb8 16. Kh1 Nce7 17. Rae1 Nxd5 18. Nxd5 Ne7 19. Nxe7 Qxe7 20. b4 b6 21. f4
exf4 22. Rxf4 d5 23. Rxf8 Rxf8 24. bxc5 bxc5 25. Qa5 d4 26. Bf4 g5 27. Qxa6
gxf4 28. Rxe6 Qg5 29. Be4+ Kh8 30. Rg6 Qh5 31. gxf4 Rxf4 32. Qc8+ Rf8 33. Qg4
Rf1+ 34. Kg2 Qxg4+ 35. Rxg4 Rc1 36. Rf4 Rxc2+ 37. Rf2 Rxf2+ 38. Kxf2 Be5 39. h3
Bc7 40. Kf3 Kg7 41. Bf5 Kf6 42. Ke4 h5 43. Bc8 Ba5 44. Kd5 Bb4 45. Ba6 Ke7 46.
Kc6 Kd8 47. Kb6 c4 48. Bxc4 Kc8 49. Be6+ Kb8 50. Kb5 Be1 51. Kc5 Bf2 52. h4
Bxh4 53. Kxd4 Be7 54. Kc4 Ka7 55. Kb5 Bf6 56. Bc8 h4 57. Kc5 Kb8 58. Bh3 Ka7
59. Kb5 Bg7 60. Bf1 Bf6 61. Kb4 Bg7 62. Ka5 Bc3+ 63. Kb5 Bf6 64. Bh3 Bg7 65.
Kc5 Ka6 66. d4 Ka5 67. Bd7 h3 68. Bxh3 Bxd4+ 1/2-1/2

[Event "Int. Championship of Central Serbia - OP"]
[Site "Paracin"]
[Date "2011.07.12"]
[Round "6.16"]
[White "Radusinovic, Lazar"]
[Black "Nestorovic, Lazar"]
[Result "0-1"]
[WhiteElo "2283"]
[BlackElo "2428"]
[PlyCount "100"]
[EventDate "2011.07.08"]

1. Nf3 c5 2. c4 b6 3. e3 Bb7 4. d4 cxd4 5. exd4 e6 6. Nc3 Nf6 7. Bd3 Be7 8. O-O
O-O 9. Bf4 d5 10. Rc1 Nc6 11. Re1 Nb4 12. Bf1 dxc4 13. Bxc4 Rc8 14. b3 Nfd5 15.
Nxd5 Nxd5 16. Bd2 Ba3 17. Rb1 a6 18. Ng5 Be7 19. Qh5 Nf6 20. Qh3 Bd5 21. Bxa6
Ra8 22. Bd3 h6 23. Ne4 Bxe4 24. Bxe4 Rxa2 25. Bc3 Nxe4 26. Rxe4 Bf6 27. Rg4 Qd5
28. Rf1 Kh8 29. Bb4 Rfa8 30. Qc3 Qf5 31. h3 Rc2 32. Qg3 Qb5 33. d5 h5 34. Rf4
Be5 35. dxe6 Bxf4 36. Qxf4 fxe6 37. Re1 Qf5 38. Qd4 Raa2 39. Rf1 Qd5 40. Qxb6
Qxb3 41. Qb5 Qd5 42. Qe8+ Kh7 43. Bf8 Qf5 44. Qe7 Qe5 45. Qf7 Rc7 46. Qf3 Ra1
47. Rxa1 Qxa1+ 48. Kh2 Qe5+ 49. g3 Rc3 50. Qg2 h4 0-1

[Event "Int. Championship of Central Serbia - OP"]
[Site "Paracin"]
[Date "2011.07.12"]
[Round "6.17"]
[White "Milenkovic, Mladen"]
[Black "Majeric, Zoran"]
[Result "1/2-1/2"]
[WhiteElo "2405"]
[BlackElo "2278"]
[PlyCount "47"]
[EventDate "2011.07.08"]

1. e4 c5 2. Nf3 Nf6 3. Nc3 d5 4. exd5 Nxd5 5. d4 Nc6 6. Bb5 e6 7. O-O cxd4 8.
Nxd4 Nxc3 9. bxc3 Bd7 10. Rb1 Qc7 11. Qg4 Bd6 12. g3 O-O 13. Nxc6 Bxc6 14. Be3
Be5 15. Qc4 Bd5 16. Qxc7 Bxc7 17. c4 Be4 18. Ba4 Bf3 19. c5 Rfd8 20. Bb5 Be5
21. Bd3 Bd4 22. Rfe1 Bc3 23. Rec1 Bd4 24. Re1 1/2-1/2

[Event "Int. Championship of Central Serbia - OP"]
[Site "Paracin"]
[Date "2011.07.12"]
[Round "6.18"]
[White "Dinic, Dragan"]
[Black "Nestorovic, Dejan"]
[Result "0-1"]
[WhiteElo "2297"]
[BlackElo "2404"]
[PlyCount "132"]
[EventDate "2011.07.08"]

1. e4 c5 2. Nf3 e6 3. b3 Nf6 4. e5 Nd5 5. Bb2 Nc6 6. Bb5 Qb6 7. Bc4 Nde7 8. O-O
Nf5 9. Re1 Be7 10. Nc3 a6 11. Ne4 Qc7 12. Ng3 Nxg3 13. hxg3 b5 14. Bd3 Bb7 15.
Be4 h5 16. a4 b4 17. d4 cxd4 18. Bxd4 Nxd4 19. Bxb7 Qxb7 20. Qxd4 O-O 21. Rad1
Rfd8 22. Qe4 Qxe4 23. Rxe4 Rac8 24. Rd2 d5 25. exd6 Rxd6 26. Rxd6 Bxd6 27. Ne1
Kf8 28. Kf1 Ke7 29. g4 h4 30. Ke2 g5 31. Rc4 Rxc4 32. bxc4 Kd7 33. Nf3 f6 34.
Nd4 Bc5 35. Nb3 Kd6 36. f3 f5 37. Kd3 Bg1 38. c3 bxc3 39. Kxc3 Bf2 40. Nc1 Be1+
41. Kb3 Bd2 42. Nd3 a5 43. Kc2 Be3 44. Kd1 Bb6 45. Ke2 Bd4 46. Kd2 fxg4 47.
fxg4 e5 48. Nc1 e4 49. Nb3 Bb6 50. c5+ Bxc5 51. Kc3 Bb6 52. Nc1 Kd5 53. Ne2 Bc5
54. Kb3 Bb4 55. Kb2 Kc4 56. Kc2 Be1 57. Ng1 Bf2 58. Ne2 Bd4 59. Kd2 Bc5 60. Kc2
Bb4 61. Ng1 Bc5 62. Ne2 e3 63. Nc3 Bd4 64. Ne4 Be5 65. Kd1 Kd4 66. Nxg5 Kd3 0-1

[Event "Int. Championship of Central Serbia - OP"]
[Site "Paracin"]
[Date "2011.07.12"]
[Round "6.19"]
[White "Andrijevic, Milan"]
[Black "Ganaus, Hannes"]
[Result "1-0"]
[WhiteElo "2365"]
[BlackElo "2287"]
[PlyCount "155"]
[EventDate "2011.07.08"]

1. e4 e6 2. d4 d5 3. exd5 exd5 4. Nf3 Nf6 5. c4 Bb4+ 6. Nc3 O-O 7. a3 Re8+ 8.
Be2 Bxc3+ 9. bxc3 Ne4 10. Qc2 Bf5 11. Qb2 dxc4 12. Be3 Nd6 13. Ne5 Be6 14. O-O
Nd7 15. Bf4 Nb6 16. a4 a5 17. Bg3 f6 18. Ng4 Qd7 19. Ne3 Nxa4 20. Qa3 Nb6 21.
Bf3 Nb5 22. Qc5 Nxc3 23. Bxb7 Qxd4 24. Qxd4 Ne2+ 25. Kh1 Nxd4 26. Bxa8 Rxa8 27.
Bxc7 Nd7 28. Rfd1 Nb3 29. Ra2 Ra7 30. Bd6 Nb6 31. Ba3 Rd7 32. Rxd7 Nxd7 33. Bb2
Ndc5 34. Bc3 a4 35. f3 f5 36. Bb4 f4 37. Nd1 Bd7 38. Nc3 Nd3 39. Ba3 Bc6 40.
Re2 Nd4 41. Re7 g5 42. Kg1 Nb5 43. Nxb5 Bxb5 44. Rb7 Be8 45. Rc7 Bf7 46. Kf1 h5
47. Ke2 g4 48. Ra7 Kg7 49. Rxa4 Kf6 50. Ra5 Bg6 51. Kd2 c3+ 52. Kxc3 Ne1 53.
Kd2 Nxg2 54. Bb2+ Kf7 55. Ke2 Nh4 56. Be5 Nxf3 57. Bxf4 h4 58. Ke3 Ne1 59. Bb8
g3 60. hxg3 hxg3 61. Bxg3 Nc2+ 62. Kf4 Nd4 63. Bf2 Nc6 64. Ra6 Ne7 65. Bh4 Nd5+
66. Ke5 Ne3 67. Ra7+ Kf8 68. Bg5 Nc4+ 69. Kf6 Be8 70. Bf4 Nb6 71. Bd6+ Kg8 72.
Rg7+ Kh8 73. Rb7 Nd5+ 74. Ke6 Bc6 75. Be5+ Kg8 76. Rg7+ Kf8 77. Kd6 Ba8 78. Ra7
1-0

[Event "Int. Championship of Central Serbia - OP"]
[Site "Paracin"]
[Date "2011.07.12"]
[Round "6.20"]
[White "Pezelj, Novak"]
[Black "Radosavljevic, Slobodan D"]
[Result "1-0"]
[WhiteElo "2364"]
[BlackElo "2223"]
[PlyCount "47"]
[EventDate "2011.07.08"]

1. d4 c5 2. c3 Qc7 3. e4 g6 4. Na3 cxd4 5. Qxd4 Nf6 6. Nb5 Qd8 7. Bg5 Bg7 8. e5
Nc6 9. exf6 Nxd4 10. fxg7 Rg8 11. Nd6+ exd6 12. Bxd8 Nc2+ 13. Kd2 Nxa1 14. Bf6
d5 15. Nf3 Rxg7 16. Bxg7 f6 17. Bxf6 Kf7 18. Bd4 d6 19. Bd3 Bd7 20. Rxa1 a6 21.
Re1 Re8 22. Ng5+ Kg8 23. Rxe8+ Bxe8 24. h4 1-0

[Event "Int. Championship of Central Serbia - OP"]
[Site "Paracin"]
[Date "2011.07.12"]
[Round "6.22"]
[White "Brankovic, Dejan"]
[Black "Gajic, Mladen"]
[Result "1-0"]
[WhiteElo "2338"]
[BlackElo "2269"]
[Annotator "Milojevic,Boban"]
[PlyCount "108"]
[EventDate "2011.07.08"]

1. e4 Nf6 2. e5 Nd5 3. d4 d6 4. c4 Nb6 5. f4 dxe5 6. fxe5 c5 7. d5 e6 8. Nc3
exd5 9. cxd5 c4 10. Nf3 Bb4 11. Bg5 Bxc3+ 12. bxc3 Qxd5 13. Qxd5 Nxd5 14. O-O-O
Ne7 15. Bxc4 Bg4 16. h3 Bxf3 17. gxf3 Nbc6 18. e6 f6 19. Bf4 O-O 20. Rd7 Rfe8
21. Bd6 Rac8 22. Bb3 Nf5 23. Bc5 g6 24. Rhd1 Nfe7 25. Kb2 b5 26. f4 a5 27. a4
b4 28. cxb4 axb4 29. Rc1 Ra8 30. Bd6 Ra5 31. Rc7 Ra6 32. Bc4 Rxa4 33. Bb5 Raa8
34. Bxc6 Nxc6 35. R1xc6 Rxe6 36. Bxb4 Re2+ 37. Rc2 Rae8 38. Rxe2 Rxe2+ 39. Kb3
Re3+ 40. Rc3 Re4 41. Bd6 Kf7 42. Kc2 Ke6 43. Kd3 Re1 44. Bc5 g5 45. fxg5 fxg5
46. Be3 Rh1 47. Rc6+ Kf7 48. Rh6 Kg7 49. Bxg5 Rd1+ 50. Ke4 Rd7 51. Bf4 Re7+ 52.
Kf5 Re1 53. Ra6 Re8 54. Be5+ Kf7 {... necitko} 1-0

[Event "Int. Championship of Central Serbia - OP"]
[Site "Paracin"]
[Date "2011.07.12"]
[Round "6.24"]
[White "Kislik, Erik Andrew"]
[Black "Stefanovic, Vladimir"]
[Result "0-1"]
[WhiteElo "2328"]
[BlackElo "2176"]
[PlyCount "182"]
[EventDate "2011.07.08"]

1. e4 c5 2. Nf3 Nc6 3. Bb5 d6 4. O-O Bd7 5. Re1 a6 6. Bf1 Bg4 7. h3 Bh5 8. c3
e6 9. d4 Bxf3 10. gxf3 d5 11. dxc5 dxe4 12. fxe4 Bxc5 13. Qh5 Qb6 14. Qe2 Nge7
15. Bf4 Ng6 16. Bg3 O-O 17. Na3 Qd8 18. Nc4 e5 19. b4 Ba7 20. a4 Qc7 21. Ne3
Bxe3 22. fxe3 Nd8 23. Rec1 Ne6 24. a5 Qe7 25. Qf2 Qg5 26. Bg2 f5 27. exf5 Rxf5
28. Qa2 Rf6 29. Kh2 Qxe3 30. Bxb7 Raf8 31. Bg2 Kh8 32. b5 Ngf4 33. Re1 Qxc3 34.
bxa6 Rg6 35. Qf2 Nh5 36. Qe3 Rxg3 37. Qxc3 Rxc3 38. a7 Nef4 39. Rab1 Rc2 40.
Rg1 Rcc8 41. a8=Q Rxa8 42. Bxa8 Rxa8 43. Rb5 h6 44. Ra1 Nf6 45. Rxe5 N4d5 46.
Re6 Nc7 47. Rc6 Na6 48. Kg3 Nd5 49. Kg4 Ndb4 50. Rb6 Rc8 51. Kf5 Rc3 52. Rb7
Rf3+ 53. Kg4 Rd3 54. Re1 Nd5 55. h4 Rd4+ 56. Kg3 Ndc7 57. Re5 Kg8 58. h5 Kf7
59. Rb6 Ra4 60. Rd6 Kg8 61. Rf5 Ra3+ 62. Kf4 Ra4+ 63. Ke3 Rh4 64. Rd8+ Kh7 65.
Re5 Rb4 66. Rf5 Rb3+ 67. Ke4 Rh3 68. Rc8 Ne6 69. Rc6 Rh4+ 70. Ke5 Nd4 71. Rxa6
Nxf5 72. Kxf5 Rxh5+ 73. Kg4 Rb5 74. Kh4 Rb4+ 75. Kg3 Ra4 76. Kh3 h5 77. Ra8 Kh6
78. a6 Kg5 79. Kg3 Ra3+ 80. Kh2 Kg4 81. Rg8 Ra2+ 82. Kg1 g5 83. Rg6 h4 84. Rb6
h3 85. Rc6 Kg3 86. Rc3+ Kh4 87. Rc6 g4 88. Rb6 g3 89. Rh6+ Kg4 90. Rg6+ Kf4 91.
Rf6+ Kg5 0-1

[Event "Int. Championship of Central Serbia - OP"]
[Site "Paracin"]
[Date "2011.07.12"]
[Round "6.25"]
[White "Pavlov, Sergey"]
[Black "Mladenovic, Stefan"]
[Result "1-0"]
[WhiteElo "2505"]
[BlackElo "2161"]
[PlyCount "59"]
[EventDate "2011.07.08"]

1. c4 c5 2. Nf3 Nf6 3. Nc3 b6 4. g3 Bb7 5. Bg2 e6 6. O-O a6 7. Re1 d6 8. e4
Nbd7 9. d4 cxd4 10. Nxd4 Qc7 11. Be3 Be7 12. Rc1 O-O 13. f4 h5 14. h3 Rac8 15.
g4 hxg4 16. hxg4 g6 17. g5 Nh7 18. Qg4 Rfe8 19. Nxe6 fxe6 20. Qxe6+ Kg7 21. Nd5
Bxd5 22. cxd5 Qd8 23. Bd4+ Nhf6 24. Bh3 Rxc1 25. Rxc1 Nc5 26. gxf6+ Bxf6 27.
Bxf6+ Qxf6 28. Qxe8 Qd4+ 29. Kh1 Qe3 30. Qe7+ 1-0

[Event "Int. Championship of Central Serbia - OP"]
[Site "Paracin"]
[Date "2011.07.12"]
[Round "6.26"]
[White "Markoja, Boris"]
[Black "Farago, Ivan"]
[Result "0-1"]
[WhiteElo "1944"]
[BlackElo "2485"]
[PlyCount "88"]
[EventDate "2011.07.08"]

1. e4 e6 2. d4 d5 3. e5 c5 4. c3 Qb6 5. Nf3 Nc6 6. a3 c4 7. Be2 Na5 8. Nbd2 Bd7
9. O-O Ne7 10. Rb1 Qc7 11. Re1 Nc8 12. Nf1 Nb6 13. Bf4 O-O-O 14. Qd2 h6 15. Qe3
g5 16. Bg3 Be7 17. h4 Rdg8 18. h5 g4 19. N3h2 Bg5 20. f4 gxf3 21. Qxf3 Ba4 22.
Bd1 Rg7 23. Qf2 Rhg8 24. Bf3 Qd8 25. Ng4 Nd7 26. Nfh2 Nc6 27. Bd1 Bxd1 28.
Rbxd1 Ne7 29. Re2 Nf5 30. Qf3 Qc7 31. Rf1 Nxg3 32. Qxg3 f5 33. Nf2 Bd8 34. Qe3
Rxg2+ 35. Kh1 R2g5 36. Nh3 Rg3 37. Qxh6 Rxh3 38. Qxe6 Rh8 39. Rf3 R8xh5 40.
Rxf5 Rxf5 41. Qxf5 Kb8 42. Rg2 Nb6 43. e6 Qh7 44. Qf7 Bc7 0-1

[Event "Int. Championship of Central Serbia - OP"]
[Site "Paracin"]
[Date "2011.07.12"]
[Round "6.27"]
[White "Savicevic, Vlatko"]
[Black "Antic, Dragan"]
[Result "1/2-1/2"]
[WhiteElo "2334"]
[BlackElo "2144"]
[PlyCount "48"]
[EventDate "2011.07.08"]

1. e4 e5 2. Nf3 Nf6 3. Nxe5 d6 4. Nf3 Nxe4 5. d3 Nf6 6. d4 d5 7. Bd3 Bg4 8. O-O
Be7 9. Bg5 Nbd7 10. Nbd2 O-O 11. c3 c5 12. Qc2 c4 13. Bf5 g6 14. Bxg4 Nxg4 15.
Bxe7 Qxe7 16. Rae1 Qd6 17. h3 Ngf6 18. Ne5 Nh5 19. Ndf3 Rfe8 20. Qd2 f6 21.
Nxd7 Qxd7 22. g4 Ng7 23. Qf4 Rf8 24. Qg3 g5 1/2-1/2

[Event "Int. Championship of Central Serbia - OP"]
[Site "Paracin"]
[Date "2011.07.12"]
[Round "6.28"]
[White "Doric, Nenad"]
[Black "Zajic, Milan"]
[Result "1-0"]
[WhiteElo "2322"]
[BlackElo "2074"]
[PlyCount "89"]
[EventDate "2011.07.08"]

1. d4 d5 2. c4 c6 3. Nf3 Nf6 4. e3 Bf5 5. Nc3 e6 6. Nh4 Bg6 7. Be2 Bb4 8. Qb3
a5 9. a3 Bxc3+ 10. bxc3 Qc7 11. a4 dxc4 12. Bxc4 Nbd7 13. Ba3 Rb8 14. Bxe6 fxe6
15. Qxe6+ Kd8 16. Bd6 Qb6 17. Bxb8 Nxb8 18. Nxg6 hxg6 19. O-O Qc7 20. h3 Re8
21. Qc4 Kc8 22. Qd3 Qf7 23. Rae1 Ne4 24. f3 Ng3 25. Rf2 Nd7 26. Rb2 Nf6 27. c4
Nfh5 28. Qc3 Qc7 29. c5 Nf5 30. Qd2 Nh4 31. Qf2 g5 32. Reb1 Re7 33. Rxb7 Qxb7
34. Rxb7 Rxb7 35. Qa2 Kb8 36. Kf2 Ka7 37. g3 Ng6 38. e4 Nf6 39. Qd2 Rb4 40.
Qxg5 Rb2+ 41. Ke1 Nf8 42. Qxg7+ N6d7 43. d5 Rb1+ 44. Kd2 Kb7 45. e5 1-0